Lyrics of Eurovision winners No. 2 - Statistics

General Stats
  • This quiz has been taken 11 times
  • The average score is 5 of 12
Answer Stats
Opening lines Answer % Correct
The sky is red tonight We're on the edge tonight No shooting star to guide us Only teardrops
70%
I've been waiting such a long time Looking out for you, but you're not here What's another year?
70%
You gotta speed it up, and then you gotta slow it down Making your mind up
60%
Just maybe I'm crazy The world spins round and round and round Shi-di-ri-di-duy, shi-di-ri-di-da-na... Wild dances
60%
I see people bending their backsAs if life were worth nothing Myself, I'm fifteen, and I tell you... J'aime la vie
50%
Like a child with eyes of light, who sees the birds passing far away L'oiseau et l'enfant
50%
Sometimes I watch you passing by my window,And sometimes I watch you passing through my dreams Why me?
50%
Sleep, my love; the sun is still far from the day Dors, mon amour
40%
He was bursting with music He sang to large and small audiences He changed happiness to melancholy... De troubadour
30%
A ray of sunshine in a puddle A little kiss on the cheek from the wind And the rush, which hums That life is beginning its web in your mind Dansevise
20%
I've never stopped believing that, after every night, dawn is waiting Fångad av en stormvind
20%
There is a woman who is larger than life There are senses that only she possesses There is magic and there are hard days And a stage that is all hers Diva
10%
No matching quizzes found
Score Distribution
Percent of People with Each Score
Percentile by Number Answered
Your Score History
You have not taken this quiz